[Event "GER-chT U20"]
[Site "Osnabrueck"]
[Date "2010.12.29"]
[Round "6.6"]
[White "Nemeth Csoka, Mihaly"]
[Black "Theiler, Maximilian"]
[Result "1-0"]
[WhiteElo "1746"]
[BlackElo "1700"]
[PlyCount "25"]
[EventDate "2010.12.27"]
[EventType "team-swiss"]
[EventRounds "7"]
[EventCountry "GER"]
[SourceTitle "CBM 140 Extra"]
[Source "ChessBase"]
[SourceDate "2011.03.01"]
[SourceVersion "1"]
[SourceVersionDate "2011.03.01"]
[SourceQuality "1"]
[WhiteTeam "Grossenseebach"]
[BlackTeam "Forchheim"]
[WhiteTeamCountry "GER"]
[BlackTeamCountry "GER"]

1. e4 c6 2. Nc3 d5 3. Nf3 dxe4 4. Nxe4 Bf5 5. Ng3 Bg6 6. h4 h6 7. Ne5 Bh7 8. Qh5 g6 9. Qf3 Nf6 10. Qb3 Qd5 11. Qxb7 Qxe5+ 12. Be2 Nd5 13. Qc8# 1-0

[Event "GER-chT U20"]
[Site "Osnabrueck"]
[Date "2010.12.28"]
[Round "4.6"]
[White "Theiler, Maximilian"]
[Black "Wolff, Fabian"]
[Result "1/2-1/2"]
[WhiteElo "1700"]
[BlackElo "2021"]
[PlyCount "90"]
[EventDate "2010.12.27"]
[EventType "team-swiss"]
[EventRounds "7"]
[EventCountry "GER"]
[SourceTitle "CBM 140 Extra"]
[Source "ChessBase"]
[SourceDate "2011.03.01"]
[SourceVersion "1"]
[SourceVersionDate "2011.03.01"]
[SourceQuality "1"]
[WhiteTeam "Forchheim"]
[BlackTeam "Salzgitter"]
[WhiteTeamCountry "GER"]
[BlackTeamCountry "GER"]

1. d4 d5 2. c4 c6 3. Nc3 e5 4. dxe5 d4 5. Ne4 Qa5+ 6. Bd2 Qxe5 7. Ng3 c5 8. Nf3 Qc7 9. e3 Nc6 10. Bd3 Bg4 11. h3 Be6 12. 0-0 Be7 13. Nf5 Bxf5 14. Bxf5 Nf6 15. Qc1 0-0 16. exd4 Nxd4 17. Nxd4 cxd4 18. Bf4 Qc5 19. Re1 Bd6 20. Bxd6 Qxd6 21. Qd2 Rae8 22. b4 Re5 23. Bd3 Rfe8 24. Rxe5 Qxe5 25. Rd1 g6 26. Bc2 Rd8 27. Re1 Qc7 28. Bd3 Rd7 29. Qg5 Kg7 30. Qe5 Qxe5 31. Rxe5 Nh5 32. g3 Kf6 33. Re8 Ng7 34. Ra8 b6 35. Kf1 Nf5 36. Ke2 Nd6 37. c5 bxc5 38. bxc5 Re7+ 39. Kd2 Nb7 40. Rxa7 Nxc5 41. Ra8 Rb7 42. Kc2 Rc7 43. Kd2 Rb7 44. Kc2 Rc7 45. Kd2 Rb7 1/2-1/2

[Event "Regionalliga NO 0809"]
[Site "Bayern"]
[Date "2009.03.15"]
[Round "8.7"]
[White "Theiler, Maximilian"]
[Black "Kaiser, Harald"]
[Result "1/2-1/2"]
[WhiteElo "1691"]
[BlackElo "1978"]
[PlyCount "91"]
[EventDate "2008.10.05"]
[EventType "team-tourn"]
[EventRounds "9"]
[EventCountry "GER"]
[SourceTitle "EXT 2020"]
[Source "ChessBase"]
[SourceDate "2019.10.17"]
[SourceVersion "1"]
[SourceVersionDate "2019.10.17"]
[SourceQuality "1"]
[WhiteTeam "Forchheim II"]
[BlackTeam "Bechhofen"]
[WhiteTeamCountry "GER"]
[BlackTeamCountry "GER"]

1. e4 d6 2. g3 g6 3. Bg2 Bg7 4. Nc3 Nd7 5. d3 a6 6. Be3 b5 7. Qd2 Bb7 8. f4 e6 9. Nf3 Ne7 10. 0-0 0-0 11. g4 c5 12. Nd1 d5 13. e5 d4 14. Bf2 f6 15. Nxd4 cxd4 16. Bxb7 Rb8 17. exf6 Nxf6 18. Bf3 Nfd5 19. Bg3 Rc8 20. Kh1 Rc5 21. Rf2 Kh8 22. a3 Bh6 23. g5 Bg7 24. Rc1 Nf5 25. c3 Qc7 26. Bxd5 Rxd5 27. c4 bxc4 28. Rxc4 Rc5 29. Rxc5 Qxc5 30. Qc2 Qd5+ 31. Kg1 Ne3 32. Nxe3 dxe3 33. Re2 Rd8 34. Be1 Qxd3 35. Bc3 Bxc3 36. Qxc3+ Qxc3 37. bxc3 Rd3 38. a4 Rxc3 39. Kg2 Kg7 40. Kf3 Ra3 41. Rxe3 Rxa4 42. Rxe6 Kf7 43. Re2 Ra3+ 44. Kg4 a5 45. Rb2 Ra4 46. Rb7+ 1/2-1/2

[Event "Mittelfrankenliga-B2a 0708"]
[Site "Mittelfranken"]
[Date "2008.03.02"]
[Round "7.8"]
[White "Schwab, Theo"]
[Black "Theiler, Maximilian"]
[Result "1/2-1/2"]
[WhiteElo "1417"]
[BlackElo "1704"]
[PlyCount "73"]
[EventDate "2007.10.14"]
[EventType "team-tourn"]
[EventRounds "9"]
[EventCountry "GER"]
[SourceTitle "EXT 2011"]
[Source "ChessBase"]
[SourceDate "2010.11.26"]
[SourceVersion "1"]
[SourceVersionDate "2010.11.26"]
[SourceQuality "1"]
[WhiteTeam "Erlangen BSGW"]
[BlackTeam "Forchheim III"]
[WhiteTeamCountry "GER"]
[BlackTeamCountry "GER"]

1. e4 c5 2. Nc3 d6 3. h3 Nc6 4. Bb5 Bd7 5. a3 g6 6. Nge2 Bg7 7. 0-0 Nf6 8. d3 a6 9. Ba4 b5 10. Bb3 0-0 11. Nd5 e6 12. Nxf6+ Bxf6 13. c3 Na5 14. Bc2 d5 15. Be3 c4 16. d4 dxe4 17. Bxe4 Bc6 18. Bxc6 Nxc6 19. Ng3 Ne7 20. Ne4 Nd5 21. Nxf6+ Qxf6 22. Qg4 h5 23. Qg5 Qxg5 24. Bxg5 Rfc8 25. g3 Rab8 26. Bd2 a5 27. Rfe1 b4 28. axb4 axb4 29. Rab1 b3 30. Ra1 Ra8 31. Kf1 Ra2 32. Rxa2 bxa2 33. Ra1 Ra8 34. Ke2 Nf6 35. f3 Ra5 36. Kd1 Rf5 37. Ke2 1/2-1/2

[Event "Mittelfrankenliga-B2a 0506"]
[Site "Germany"]
[Date "2006.04.02"]
[Round "8.8"]
[White "Balhar, Rudolf"]
[Black "Theiler, Maximilian"]
[Result "1-0"]
[WhiteElo "1863"]
[BlackElo "1568"]
[PlyCount "59"]
[EventDate "2005.10.16"]
[EventType "team"]
[EventRounds "9"]
[EventCountry "GER"]
[SourceTitle "EXT 2007"]
[Source "ChessBase"]
[SourceDate "2006.11.23"]
[SourceVersion "1"]
[SourceVersionDate "2006.11.23"]
[SourceQuality "1"]

1. e4 e5 2. Nf3 Nc6 3. Bb5 a6 4. Ba4 Nf6 5. 0-0 b5 6. Bb3 Bc5 7. c3 d6 8. d4 exd4 9. cxd4 Ba7 10. h3 h6 11. Re1 0-0 12. a3 Bb7 13. Nc3 Ne7 14. Bf4 Ng6 15. Bh2 Re8 16. Bc2 Re7 17. Qd3 Qe8 18. Rad1 d5 19. exd5 Nxd5 20. Rxe7 Qxe7 21. Re1 Qf6 22. Ne4 Qb6 23. Nc5 Nf6 24. Ne5 Re8 25. Kf1 Nxe5 26. Bxe5 g6 27. Nxb7 Rxe5 28. Rxe5 Qxb7 29. Bb3 c6 30. Qxg6+ 1-0

[Event "Seebach op 16th"]
[Site "Grossenseebach"]
[Date "2005.05.27"]
[Round "4"]
[White "Woydig, Sieghard"]
[Black "Theiler, Maximilian"]
[Result "1-0"]
[WhiteElo "1735"]
[BlackElo "1469"]
[PlyCount "119"]
[EventDate "2005.05.26"]
[EventType "swiss"]
[EventRounds "7"]
[EventCountry "GER"]
[SourceTitle "EXT 2018"]
[Source "ChessBase"]
[SourceDate "2017.10.13"]
[SourceVersion "1"]
[SourceVersionDate "2017.10.13"]
[SourceQuality "1"]

1. e4 c6 2. d4 d5 3. exd5 cxd5 4. c4 Nf6 5. Nf3 Bf5 6. Nc3 e6 7. c5 a6 8. h3 h6 9. Bf4 Be7 10. Qa4+ Nc6 11. Ne5 Qc8 12. Nxc6 Qxc6 13. Qxc6+ bxc6 14. f3 0-0 15. Be2 Nd7 16. b4 Bf6 17. Be3 Rfb8 18. a3 e5 19. Rd1 Re8 20. Kf2 exd4 21. Bxd4 Bh4+ 22. g3 Bf6 23. Bxf6 Nxf6 24. Rd4 Re7 25. g4 Bc2 26. h4 Nh7 27. Rc1 Bb3 28. Rb1 Bc4 29. Bxc4 dxc4 30. Rxc4 Rae8 31. Ne4 Rd8 32. a4 Nf6 33. Nxf6+ gxf6 34. Re4 Rxe4 35. fxe4 Rd2+ 36. Ke3 Ra2 37. a5 Kg7 38. h5 Ra4 39. Rb3 Kh7 40. Kd4 Ra1 41. e5 Rd1+ 42. Rd3 fxe5+ 43. Kc3 Rxd3+ 44. Kxd3 Kg7 45. b5 axb5 46. a6 b4 47. a7 b3 48. Kc3 e4 49. a8Q e3 50. Qe8 b2 51. Kxb2 e2 52. Qxe2 Kh8 53. Qe4 Kg7 54. Qxc6 Kh8 55. Qe8+ Kg7 56. c6 Kf6 57. c7 Kg5 58. Qxf7 Kh4 59. c8Q Kh3 60. Qc3+ 1-0

[Event "Seebach op 16th"]
[Site "Grossenseebach"]
[Date "2005.05.26"]
[Round "2"]
[White "Babichev, Vyacheslav"]
[Black "Theiler, Maximilian"]
[Result "1-0"]
[WhiteElo "1709"]
[BlackElo "1469"]
[PlyCount "44"]
[EventDate "2005.05.26"]
[EventType "swiss"]
[EventRounds "7"]
[EventCountry "GER"]
[SourceTitle "EXT 2018"]
[Source "ChessBase"]
[SourceDate "2017.10.13"]
[SourceVersion "1"]
[SourceVersionDate "2017.10.13"]
[SourceQuality "1"]

1. e4 c6 2. Nc3 d5 3. d4 dxe4 4. Nxe4 Bf5 5. Ng3 Bg6 6. h4 h6 7. Nf3 Nd7 8. Bc4 e6 9. Qe2 Ngf6 10. h5 Bh7 11. Ne5 Nxe5 12. dxe5 Nd5 13. Bd2 Bxc2 14. 0-0 Bh7 15. a3 g6 16. Ne4 gxh5 17. Bxd5 Bxe4 18. Bxe4 h4 19. Be3 h3 20. g3 Rg8 21. Rad1 Qa5 22. Qf3 h5 1-0

[Event "Mittelfranken-ch Seniors 54th"]
[Site "Forchheim"]
[Date "2005.03.26"]
[Round "7"]
[White "Leuschner, Guenter"]
[Black "Theiler, Maximilian"]
[Result "1-0"]
[WhiteElo "1778"]
[BlackElo "1420"]
[PlyCount "139"]
[EventDate "2005.03.23"]
[EventType "swiss"]
[EventRounds "7"]
[EventCountry "GER"]
[SourceTitle "EXT 2006"]
[Source "ChessBase"]
[SourceDate "2005.11.24"]
[SourceVersion "1"]
[SourceVersionDate "2005.11.24"]
[SourceQuality "1"]

1. d4 d5 2. Nf3 Nf6 3. g3 g6 4. Bg2 Bg7 5. 0-0 Nc6 6. c3 0-0 7. Nbd2 Bf5 8. Re1 Re8 9. Nh4 Qd7 10. Nxf5 Qxf5 11. Nf3 e5 12. dxe5 Nxe5 13. Ng5 Qd7 14. Be3 Nc6 15. Qb3 Na5 16. Qc2 c6 17. Rad1 b6 18. b3 Qe7 19. Bd2 Nb7 20. e4 dxe4 21. Nxe4 Qc7 22. Bf4 Qc8 23. Ng5 Rxe1+ 24. Rxe1 Qd7 25. Bh3 Qd8 26. c4 Qd4 27. Be5 Qc5 28. Bf4 Re8 29. Rxe8+ Nxe8 30. Ne4 Qe7 31. Bg2 c5 32. Qd1 Bd4 33. Qf3 Nbd6 34. h4 Qxe4 35. Qxe4 Nxe4 36. Bxe4 Nf6 37. Bf3 Nd7 38. Bc6 Ne5 39. Be4 Ng4 40. Bb8 Nxf2 41. Bb7 Nd3+ 42. Kg2 Nc1 43. Bxa7 Nxa2 44. Bxb6 Nb4 45. Kf3 Kf8 46. g4 Ke7 47. Ke4 Kd6 48. Ba5 Bf2 49. h5 Bg1 50. hxg6 fxg6 51. Kf4 Nd3+ 52. Kg5 Be3+ 53. Kf6 Bd4+ 54. Kg5 Be3+ 55. Kh4 Bf2+ 56. Kh3 Nf4+ 57. Kh2 h5 58. gxh5 Nxh5 59. Kh3 Nf4+ 60. Kg4 Ne6 61. Bb6 Bd4 62. Bd5 Nc7 63. Bf7 Na6 64. Bxg6 Nb4 65. Kf4 Kc6 66. Ba5 Bg1 67. Ke5 Bf2 68. Ke6 Bd4 69. Be4+ Nd5 70. Bxd5# 1-0

[Event "Mittelfranken-ch Seniors 54th"]
[Site "Forchheim"]
[Date "2005.03.23"]
[Round "2"]
[White "Theiler, Maximilian"]
[Black "Muenzenberg, Dietrich"]
[Result "1/2-1/2"]
[WhiteElo "1420"]
[BlackElo "1635"]
[PlyCount "66"]
[EventDate "2005.03.23"]
[EventType "swiss"]
[EventRounds "7"]
[EventCountry "GER"]
[SourceTitle "EXT 2006"]
[Source "ChessBase"]
[SourceDate "2005.11.24"]
[SourceVersion "1"]
[SourceVersionDate "2005.11.24"]
[SourceQuality "1"]

1. d4 Nf6 2. Nf3 d6 3. Nc3 Bg4 4. e4 Nbd7 5. Be2 e5 6. dxe5 Nxe5 7. Nxe5 Bxe2 8. Qxe2 dxe5 9. Bg5 c6 10. Rd1 Qc7 11. Bxf6 gxf6 12. Qf3 Rg8 13. g3 Rg6 14. Rd3 Bd6 15. Qf5 Ke7 16. Ke2 h6 17. Rhd1 Rd8 18. h4 b5 19. Qf3 Qc8 20. Qe3 Qg4+ 21. Ke1 Rd7 22. Qf3 h5 23. Qxg4 hxg4 24. Ke2 Rd8 25. Rh1 Rh8 26. Nd1 Ke6 27. Ne3 a5 28. Nf5 Bb4 29. Rdd1 Rgg8 30. Rd2 Rh5 31. Rhd1 Rxf5 32. exf5+ Kxf5 33. a3 Be7 1/2-1/2

[Event "Seebach op 15th"]
[Site "Grossenseebach"]
[Date "2004.06.17"]
[Round "4"]
[White "Dreiseitel, Ursula"]
[Black "Theiler, Maximilian"]
[Result "0-1"]
[WhiteElo "1347"]
[BlackElo "1156"]
[PlyCount "58"]
[EventDate "2004.06.17"]
[EventType "swiss"]
[EventRounds "7"]
[EventCountry "GER"]
[SourceTitle "EXT 2018"]
[Source "ChessBase"]
[SourceDate "2017.10.13"]
[SourceVersion "1"]
[SourceVersionDate "2017.10.13"]
[SourceQuality "1"]

1. Nf3 Nc6 2. e3 e5 3. d4 e4 4. Nfd2 d5 5. c4 Be6 6. Nc3 Nf6 7. cxd5 Bxd5 8. Nxd5 Qxd5 9. Bc4 Qd7 10. 0-0 0-0-0 11. a3 g6 12. b4 Bg7 13. Nb3 b6 14. Ba6+ Kb8 15. Bd2 Nd5 16. Qc2 Rhe8 17. Rfc1 Re6 18. Nc5 bxc5 19. Qxc5 Bf8 20. Qb5+ Nb6 21. Rab1 Ka8 22. Qe2 Rb8 23. Rb3 Nd5 24. b5 Nce7 25. Bb4 Nxb4 26. Rxb4 Nd5 27. Rb3 f5 28. a4 Rxa6 29. bxa6 Rxb3 0-1

[Event "Seebach op 15th"]
[Site "Grossenseebach"]
[Date "2004.06.17"]
[Round "6"]
[White "Theiler, Maximilian"]
[Black "Horstmann, Uwe"]
[Result "0-1"]
[WhiteElo "1156"]
[BlackElo "1995"]
[PlyCount "46"]
[EventDate "2004.06.17"]
[EventType "swiss"]
[EventRounds "7"]
[EventCountry "GER"]
[SourceTitle "EXT 2018"]
[Source "ChessBase"]
[SourceDate "2017.10.13"]
[SourceVersion "1"]
[SourceVersionDate "2017.10.13"]
[SourceQuality "1"]

1. e4 e6 2. d4 d5 3. Nc3 Bb4 4. exd5 exd5 5. Bd2 Nf6 6. Nf3 0-0 7. g3 Bg4 8. Bg2 Bxc3 9. Bxc3 Re8+ 10. Kf1 Nc6 11. Qd3 Ne4 12. Re1 Bf5 13. Qd1 Nxc3 14. bxc3 Na5 15. Nd2 Qd7 16. Nb3 Rxe1+ 17. Kxe1 Re8+ 18. Kf1 Nc4 19. Nc5 Qb5 20. Bxd5 Ne3+ 21. Ke1 Nxd1+ 22. Kxd1 Qb1+ 23. Kd2 Qxc2# 0-1